000 00685nam a2200193 4500
003 LK-CoMWRAF
005 20231213121749.0
008 231213b |||||||| |||| 00| 0 eng d
020 _a9559318055
040 _aLK-CoMWRAF
_dLK-CoMWRAF
_eLK-CoMWRAF
041 _asin
082 _a305.4
_bOMW
100 _aඔම්වෙට්, ගේල්
245 _aස්ත්‍රීන්ට එරෙහි ප්‍ර‍චන්ඩත්වය
260 _aකොළඹ :
_bකාන්තා හඩ,
_c1995
650 _aස්ත්‍රීන්ට එරෙහි ප්‍ර‍චන්ඩත්වය
700 _aජයකොඩි, සෝමා
_etrans.
942 _cBK
999 _c4404
_d4404